Casa Cooper / (Registro nro. 4291)
[ vista simple ]
| 000 -LEADER | |
|---|---|
| fixed length control field | 01597nam a22003137a 4500 |
| 003 - CONTROL NUMBER IDENTIFIER | |
| control field | PE SENCICO BE |
| 005 - DATE AND TIME OF LATEST TRANSACTION | |
| control field | 20251020182641.0 |
| 008 - FIXED-LENGTH DATA ELEMENTS--GENERAL INFORMATION | |
| fixed length control field | 230905b |||||||| |||| 00| 0 eng d |
| 020 ## - INTERNATIONAL STANDARD BOOK NUMBER | |
| International Standard Book Number | 978-612-4755583 |
| 040 ## - CATALOGING SOURCE | |
| Original cataloging agency | PE SENCICO BE |
| Transcribing agency | PE SENCICO BE |
| 041 ## - LANGUAGE CODE | |
| Language code of text/sound track or separate title | spa |
| 082 ## - DEWEY DECIMAL CLASSIFICATION NUMBER | |
| Classification number | 728.3 |
| Item number | C |
| 245 1# - TITLE STATEMENT | |
| Title | Casa Cooper / |
| Statement of responsibility, etc. | Frederick Cooper, Alessandra Calmell del Solar, Sebastián Cillóniz,...[y otros] |
| 250 ## - EDITION STATEMENT | |
| Edition statement | [1a ed.] |
| 260 ## - PUBLICATION, DISTRIBUTION, ETC. | |
| Place of publication, distribution, etc. | Lima : |
| Name of publisher, distributor, etc. | Pontificia Universidad Católica del Perú, Fondo editorial, |
| Date of publication, distribution, etc. | 2022 |
| 300 ## - PHYSICAL DESCRIPTION | |
| Extent | [10], 183 páginas : |
| Other physical details | ilustraciones a color ; |
| Dimensions | 21 cm. |
| 440 ## - SERIES STATEMENT/ADDED ENTRY--TITLE | |
| 9 (RLIN) | 1485 |
| Title | Cuerpo docente |
| 520 3# - SUMMARY, ETC. | |
| Summary, etc. | Las paredes de la casa Cooper son tan acogedoras como sus dueños. Frederick Cooper y Maria Amelia Fort forman una pareja que ha reunido en su casa a personas de todo el mundo. Mas de cuarenta años después de su construcción y luego de ser seleccionada en 2015 para la exposición del Museo de Arte Moderno "América Latina en la construcción: Arquitectura 1955-1980", Frederick Cooper buscó cristalizar todo lo que esta casa representa respecto de sus inquietudes arquitectónicas y de la vida familiar en una publicación. |
| 600 10 - SUBJECT ADDED ENTRY--PERSONAL NAME | |
| 9 (RLIN) | 1458 |
| Personal name | Cooper Llosa, Frederick |
| 650 10 - SUBJECT ADDED ENTRY--TOPICAL TERM | |
| 9 (RLIN) | 77 |
| Topical term or geographic name entry element | Viviendas |
| 650 20 - SUBJECT ADDED ENTRY--TOPICAL TERM | |
| 9 (RLIN) | 370 |
| Topical term or geographic name entry element | Arquitectura de viviendas |
| 650 20 - SUBJECT ADDED ENTRY--TOPICAL TERM | |
| 9 (RLIN) | 18 |
| Topical term or geographic name entry element | Diseño arquitectónico |
| 650 20 - SUBJECT ADDED ENTRY--TOPICAL TERM | |
| 9 (RLIN) | 59 |
| Topical term or geographic name entry element | Construcción de viviendas |
| 700 1# - ADDED ENTRY--PERSONAL NAME | |
| 9 (RLIN) | 1458 |
| Personal name | Cooper Llosa, Frederick |
| Relator term | autor |
| 700 1# - ADDED ENTRY--PERSONAL NAME | |
| 9 (RLIN) | 1486 |
| Personal name | Calmell del Solar, Alessandra |
| Relator term | autor |
| 700 1# - ADDED ENTRY--PERSONAL NAME | |
| 9 (RLIN) | 1487 |
| Personal name | Cillóniz, Sebastián |
| Relator term | autor |
| 910 ## - USER-OPTION DATA (OCLC) | |
| -- | hfp |
| -- | hfp |
| 942 ## - ADDED ENTRY ELEMENTS (KOHA) | |
| Source of classification or shelving scheme | Dewey Decimal Classification |
| Koha item type | Libros |
| Fecha de la última vez que lo usaron | Número de ingreso o de inventario | Pago total | Signatura topográfica completa | Precio efectivo desde | Tipo de documento | Estado perdido | Sistema de clasificación | Estado dañado | No es para préstamo | Retirado | Ubicación permanente | Ubicación actual | Fecha de adquisición | Fuente de adquisición |
|---|---|---|---|---|---|---|---|---|---|---|---|---|---|---|
| 05/09/2023 | 16658 | 728.3/C | 05/09/2023 | Libros | Dewey Decimal Classification | Biblioteca Central Lima | Biblioteca Central Lima | 14/08/2023 | Comprado de la librería Megabook |